Aprendamos a leer y escribir nuestra lengua rapa nui: guías didácticas
Bewaard in:
| Hoofdauteurs: | , |
|---|---|
| Formaat: | Boek |
| Taal: | Rapanui Spaans |
| Gepubliceerd in: |
Valparaíso
Universidad Católica de Valparaíso
1990
|
| Editie: | 1a. ed |
| Reeks: | Programa Lengua Rapa Nui
|
| Onderwerpen: | |
| Tags: |
Voeg label toe
Geen labels, Wees de eerste die dit record labelt!
|
MARC
| LEADER | 00000cam a2200000 a 4500 | ||
|---|---|---|---|
| 001 | UCN6716 | ||
| 003 | CL-VaPUC | ||
| 008 | 011005e19900000CL |||||||||||||||||rap|d | ||
| 041 | 0 | 7 | |a rap |2 CL-VaPUC |
| 041 | 0 | 7 | |a spa |2 CL-VaPUC |
| 082 | 0 | 4 | |a 499.4 |b THI |2 21 |
| 100 | 0 | |a Thiesen A. de Weber, Nancy |e author |9 462472 | |
| 700 | 0 | |a Weber Ch., Roberto |e author |9 462473 | |
| 245 | 1 | 0 | |a Aprendamos a leer y escribir nuestra lengua rapa nui: guías didácticas |
| 246 | 1 | 0 | |a Mai ki hapi tatou i te tai'o 'e i te papa'i i to tatou 'arero rapa nui |
| 250 | |a 1a. ed | ||
| 300 | |a 49 p | ||
| 942 | |c BK | ||
| 945 | |d 20011005 00:00:00 |a cmena | ||
| 260 | |a Valparaíso |b Universidad Católica de Valparaíso |c 1990 | ||
| 650 | 7 | |a LENGUA RAPANUI |2 CL-VaPUC |9 461492 | |
| 650 | 7 | |a ENSEÑANZA DE LA LENGUA |2 CL-VaPUC |9 390747 | |
| 650 | 0 | |a Enseñanza de la escritura |9 307377 | |
| 650 | 0 | |a Etnolingüística |9 341076 | |
| 583 | |a last modification |c 20121203 10:40:09 |k Rodrigo Vera | ||
| 490 | 0 | |a Programa Lengua Rapa Nui | |
| 999 | |c 297400 |d 297398 | ||
| 952 | |0 0 |1 0 |4 0 |6 499_400000000000000_THI_1990 |7 0 |8 A |9 352104 |a FDOPOS |b BIBEDU |d 2019-11-21 |i 3687120 |l 1 |o 499.4 THI 1990 |p 3687120 |r 2025-01-22 |s 2023-10-23 |w 2019-11-21 |y BK |k MLA | ||
| 952 | |0 0 |1 0 |4 0 |6 499_400000000000000_THI_1990 |7 0 |8 X |9 352105 |a FDOBUD |b FDOBUD |d 2019-11-21 |i 4928377 |o 499.4 THI 1990 |p 4928377 |r 2019-11-21 |w 2019-11-21 |y BK_X |k FHP | ||